000 00741nam1a22002171i 4500
001 v19\rc\1850865
005 20260406140828.0
035 _a(NLR Aleph) 004941115
090 _a5782240
_c5782240
100 _a20080221f18261917|||y0rusy50 ca
101 1 _arus
_ceng
102 _aRU
105 _ay z |||||
200 1 _aПолное собрание сочинений
_eТ. 1-5
210 _aСанкт-Петербург
_cП.П. Сойкина
316 _aЭкземпляр РНБ (38.78.8.33): утрачен
_5NLR: 38.78.8.33
700 1 _8rus
_7ca
_aДойл
_bА. К.
_f1859-1930
_gАртур Конан
_3RU\NLR\auth\773259
_9113265
801 0 _aRU
_bNLR
_gpsbo
801 1 _aRU
_bProSoft-M
_2rusmarc
852 _aNLR
_j38.78.8.33
942 _cBOOK